000 009300000a22002650004500
001 52170
010 _a978-989-554-743-2
021 _aPT
_b313894/10
090 _a52170
100 _a20180416d2018 k y0pory5003 ba
101 0 _apor
102 _aPT
200 1 _aCarmen
_fProsper Mérimée
_gtrad. Maria Dias
210 _aMatosinhos
_cQuidnovi
_dd.l. 2010
215 _a94 p.
_d20 cm
225 2 _aBiblioteca de verão
606 _aLiteratura francesa
_xConto
675 _a821.133.1-31
_vBN
_zpor
700 1 _aMerimée
_bProsper
_f1803-1870
702 1 _917197
_4730
_aDias
_bMaria
801 _aPT
_c20180416
856 _uhttps://fr.wikipedia.org/wiki/Prosper_M%C3%A9rim%C3%A9e
_zmais informação
859 _uhttps://esconderijodoslivros.pt/wp-content/uploads/2017/08/Prosper-M%C3%A9rim%C3%A9e-Carmen.jpg
_zcapa
942 _cMON
_n0
999 _a52170
_bBibliobase - BEBDPPC
_c2019-01-21